00320cam a22000977a 4500008004000000082001300040245008100053260005300134300001000187700002500197180718b1981 xxu||||| |||| 00| 0 eng d aA75 Ut8S aUttar Pradesh district gazetteers: Saharanpurcedited by Dangli Prasad Varun aLucknowbDepartment of District Gazetteersc1981 a400p. aVarun, Dangli Prasad